Harry Potter Characters: G - Statistics

General Stats
  • This quiz has been taken 2 times
  • The average score is 3 of 8
Answer Stats
Name % Correct
George Weasley
100%
Garrick Ollivander
50%
Ginny Weasley
50%
Godric Gryffindor
50%
Gregory Goyle
50%
Gabrielle Delacour
0%
Gellert Grindelwald
0%
Gilderoy Lockhart
0%
No matching quizzes found
Score Distribution
Percent of People with Each Score
Percentile by Number Answered
Your Score History
You have not taken this quiz